000 00459nam a22001697a 4500
003 LK-CoMWRAF
005 20231230115003.0
008 231120b |||||||| |||| 00| 0 eng d
040 _aLK-CoMWRAF
_dLK-CoMWRAF
_eLK-CoMWRAF
041 _aeng
082 _a812.5
_bENG
100 _aEngel, Wilson F.
245 _aWilliams :
_bA Streetcar named desire : Notes
260 _aDelhi :
_bChaman offset,
_c1998
650 _aA Streetcar named desire
942 _cBK
999 _c4175
_d4175